[Event "Reykjavik op"]
[Site "Reykjavik"]
[Date "2024.03.20"]
[Round "8"]
[White "Schmidt, Florian Pascal"]
[Black "Sveinsson, Gudmundur Peng"]
[Result "1-0"]
[WhiteElo "1947"]
[BlackElo "1620"]
[PlyCount "63"]
[EventDate "2024.03.15"]
[EventType "swiss"]
[EventRounds "9"]
[EventCountry "ISL"]
[SourceTitle "CB13_2024"]
[SourceDate "2024.03.27"]
[SourceVersion "1"]
[SourceVersionDate "2024.03.27"]
[SourceQuality "1"]

1. Nf3 d5 2. e3 Nf6 3. c4 e6 4. Nc3 c6 5. b3 Bd6 6. d4 0-0 7. Bd3 b6 8. 0-0 Nbd7 9. Bb2 Bb7 10. Qc2 Rc8 11. Rfe1 dxc4 12. Bxc4 c5 13. Qe2 Bb8 14. Ba6 Qc7 15. Bxb7 Qxb7 16. Rad1 Rfd8 17. h3 h6 18. Ba1 Qc6 19. Qb2 a6 20. d5 Qd6 21. e4 Ne5 22. Nxe5 Qxe5 23. g3 Qh5 24. Kg2 Be5 25. Qc2 exd5 26. Nxd5 Nxd5 27. Rxd5 Rxd5 28. exd5 Bxa1 29. Rxa1 Qxd5+ 30. Kg1 Rd8 31. Re1 Qd2 32. Re8+ 1-0

[Event "Reykjavik op"]
[Site "Reykjavik"]
[Date "2024.03.16"]
[Round "3"]
[White "Sveinsson, Gudmundur Peng"]
[Black "Speck, Stefan"]
[Result "1/2-1/2"]
[WhiteElo "1620"]
[BlackElo "1921"]
[PlyCount "56"]
[EventDate "2024.03.15"]
[EventType "swiss"]
[EventRounds "9"]
[EventCountry "ISL"]
[SourceTitle "CB13_2024"]
[SourceDate "2024.03.27"]
[SourceVersion "1"]
[SourceVersionDate "2024.03.27"]
[SourceQuality "1"]

1. e4 c5 2. Nf3 Nc6 3. d4 cxd4 4. Nxd4 e5 5. Nb5 a6 6. Nd6+ Bxd6 7. Qxd6 Qf6 8. Qxf6 Nxf6 9. f3 d5 10. exd5 Nxd5 11. c3 Bf5 12. Bc4 0-0-0 13. 0-0 f6 14. Na3 Nf4 15. Bxf4 exf4 16. Rfd1 Kc7 17. Bf1 h5 18. b4 Rxd1 19. Rxd1 b5 20. Rc1 Kb6 21. c4 Nxb4 22. cxb5 axb5 23. Bxb5 Rd8 24. Bc4 Ra8 25. Rc3 Rd8 26. Rb3 Kc5 27. Rc3 Kb6 28. Rb3 Kc5 1/2-1/2